000 00829nam a2200289Ia 4500
005 20260324114159.0
008 008 260324s9999 xx 000 0 eng d
020 _a9781003307938
037 _aEBOOK
040 _aCRL
040 _beng
040 _cCRL
041 _2eng
041 _aeng
084 _qCRL
100 _aOm Prakash Gupta; Sunil Kumar; Anamika Pandey; Mohd. Kamran Khan; Sanjay Kumar Singh; Gyanendra Pratap Singh
_91149749
245 0 _aWheat Science
245 0 _bNutritional and Anti-Nutritional Properties, Processing, Storage, Bioactivity, and Product Development
260 _bTaylor and Francis
260 _c2023
365 _a
365 _b370
856 _uhttp://www.taylorfrancis.com/books/9781003307938
942 _cEBOOK
999 _c1739787
_d1739787